000 00740nam a22002297a 4500
005 20140314121539.0
010 _aENG-109395
020 _a9789351343066
_c225.00
035 _aEN-92928
037 _bDBAD/PUB
082 _a006.686
100 _aShufflebotham, Robert
245 _aPhotoshop CS6 in easy steps :
_cby Robert Shufflebotham
_bfor Windows and Mac /
260 _aNew Delhi
_bMcGraw Hill Education
_c2014
270 _aP-24, Green Park Extn.
_bNew Delhi
_e110016
300 _a240p. :
_c23cm(pbk)
_bill.
500 _aText on inside cover.
500 _aIncludes index
650 _aPhotography
_xDigital techniques.
650 _aComputer graphics
_xComputer programs.
942 _2ddc
_cEN
_mSHU
_h006.686
999 _c82730
_d82730